000 00453nam a2200181Ia 4500
003 LK-CoDNM
008 010623t1922 xxu||||| |||| 00| 1 sin d
040 _aLK-CoDNM
_dLK-CoDNM
_eLK-CoDNM
041 _asin
080 _a104 J.15
100 _aBuddhadasa,Dinetthy
_eed.
245 _aසඟරුවන
246 _aSangaruvana
260 _bDinetthi Buddhadasa
_aBadulla
_c1922
300 _b11p., 28 cm
650 _aBikkhu Sheelaya
942 _cBK
999 _c91372
_d91372